[Event "España ch 2012 Veteranos"]
[Site "Mondariz ESP"]
[Date "2012.10.15"]
[Round "6.4"]
[White "Pastor Alonso De Prado, Albert"]
[Black "Casares Ripoll, Fernando"]
[Result "1-0"]
[WhiteElo "2139"]
[BlackElo "2149"]
[PlyCount "105"]
[EventDate "2012.10.10"]
[EventType "swiss"]
[EventRounds "9"]
[EventCountry "ESP"]
[Source "lmi"]
[SourceDate "2012.10.10"]

1. e4 c5 2. Nf3 Nf6 3. Nc3 Nc6 4. Bb5 e6 5. Bxc6 dxc6 6. O-O Be7 7. d3 O-O 8.
Bg5 h6 9. Bh4 b6 10. Re1 Re8 11. e5 Nd5 12. Bxe7 Qxe7 13. Ne4 Rd8 14. d4 cxd4
15. Nxd4 Bd7 16. Qg4 c5 17. Nf3 f5 18. exf6 Nxf6 19. Qh4 e5 20. Ng3 Nd5 21. Qc4
Be6 22. Rxe5 Nc7 23. Rae1 Bxc4 24. Rxe7 Nd5 25. R7e4 Ba6 26. Nf5 Bb7 27. Rg4
Rd7 28. Nxh6+ Kh7 29. Nf5 Nf6 30. Rg3 Bxf3 31. Rxf3 Re8 32. Rfe3 Rxe3 33. Nxe3
Ng8 34. Rd1 Re7 35. h4 Nh6 36. g4 Nf7 37. Kg2 g6 38. Kg3 Ne5 39. Nd5 Rf7 40. f4
Nc4 41. b3 Na3 42. Rd2 Kg7 43. c4 Rd7 44. Re2 Kf7 45. f5 gxf5 46. Rf2 b5 47.
Rxf5+ Kg7 48. cxb5 Nxb5 49. Nf4 Nc3 50. Ne6+ Kg8 51. Rf8+ Kh7 52. Rf3 Re7 53.
Ng5+ 1-0

[Event "España ch 2012 Veteranos"]
[Site "Mondariz ESP"]
[Date "2012.10.15"]
[Round "6.5"]
[White "Ciuro Munoz, Ricardo"]
[Black "Montecatine Rios, Ricardo"]
[Result "0-1"]
[WhiteElo "2087"]
[BlackElo "2316"]
[PlyCount "56"]
[EventDate "2012.10.10"]
[EventType "swiss"]
[EventRounds "9"]
[EventCountry "ESP"]
[Source "lmi"]
[SourceDate "2012.10.10"]

1. e4 d6 2. d4 Nf6 3. Nc3 e5 4. dxe5 dxe5 5. Qxd8+ Kxd8 6. Bg5 c6 7. Bc4 Ke8 8.
f3 Nbd7 9. a4 a5 10. Be3 Bc5 11. Bxc5 Nxc5 12. Nge2 Be6 13. Bxe6 Nxe6 14. Rd1
Ke7 15. Kf2 Rhd8 16. Ke3 h5 17. Rxd8 Rxd8 18. Rd1 Rxd1 19. Nxd1 Kd6 20. b3 Nd7
21. Nb2 b5 22. Nc1 Nb6 23. h4 Nc5 24. axb5 cxb5 25. Kd2 f6 26. Ncd3 a4 27. Nxc5
a3 28. Nb7+ Kc7 0-1

[Event "España ch 2012 Veteranos"]
[Site "Mondariz ESP"]
[Date "2012.10.15"]
[Round "6.6"]
[White "Buxade Roca, Guillermo"]
[Black "Hostalet Ferrer, Pedro Enrique"]
[Result "1/2-1/2"]
[WhiteElo "2128"]
[BlackElo "2031"]
[PlyCount "60"]
[EventDate "2012.10.10"]
[EventType "swiss"]
[EventRounds "9"]
[EventCountry "ESP"]
[Source "lmi"]
[SourceDate "2012.10.10"]

1. g3 d5 2. Bg2 c5 3. Nf3 Nc6 4. d4 cxd4 5. Nxd4 e5 6. Nxc6 bxc6 7. c4 Be6 8.
O-O Bc5 9. Qa4 Qd7 10. Nd2 Ne7 11. Nb3 Bb6 12. Rd1 f6 13. cxd5 cxd5 14. Qxd7+
Kxd7 15. Bd2 Rac8 16. e3 Rhd8 17. Bc3 Ke8 18. Rd2 d4 19. exd4 Bxb3 20. axb3
exd4 21. Bb4 f5 22. Re1 Rd7 23. Rde2 Rcc7 24. Rxe7+ Rxe7 25. Rxe7+ Rxe7 26.
Bxe7 Kxe7 27. Bf1 Kf6 28. Bd3 h6 29. Kf1 g5 30. h3 h5 1/2-1/2

[Event "España ch 2012 Veteranos"]
[Site "Mondariz ESP"]
[Date "2012.10.15"]
[Round "6.7"]
[White "Lopez Colon, Francisco"]
[Black "Darias Darias, Luis"]
[Result "1-0"]
[WhiteElo "2093"]
[BlackElo "1847"]
[PlyCount "103"]
[EventDate "2012.10.10"]
[EventType "swiss"]
[EventRounds "9"]
[EventCountry "ESP"]
[Source "lmi"]
[SourceDate "2012.10.10"]

1. d4 d5 2. c4 c6 3. e3 e6 4. Nc3 Nf6 5. Nf3 Nbd7 6. Qc2 Bb4 7. a3 Ba5 8. b4
Bc7 9. e4 dxe4 10. Nxe4 O-O 11. Nxf6+ Nxf6 12. Bd3 h6 13. Bb2 b6 14. O-O Bb7
15. Rad1 Rc8 16. Rfe1 Bb8 17. Qe2 Qc7 18. c5 Rfe8 19. g3 Rcd8 20. Ne5 Qe7 21.
f4 b5 22. Qf3 Rd5 23. g4 Bxe5 24. dxe5 Nh7 25. Be4 Rxd1 26. Rxd1 Rd8 27. Rd6
Rxd6 28. cxd6 Qh4 29. Bd4 Qe1+ 30. Kg2 Nf8 31. Bxa7 Qc1 32. Bf2 Nd7 33. Qe3
Qxe3 34. Bxe3 f6 35. Bd4 Kf7 36. Kg3 g5 37. h4 fxe5 38. fxe5 Ke8 39. Bg6+ Kf8
40. hxg5 hxg5 41. Bc2 Kg7 42. Kf2 Nf8 43. Ke3 Nd7 44. Kd2 Bc8 45. Be4 Bb7 46.
Kc3 Kh6 47. Kb3 c5 48. Bxb7 cxd4 49. Bc6 Nxe5 50. Bxb5 Kg6 51. d7 Nxd7 52. Bxd7
1-0

[Event "España ch 2012 Veteranos"]
[Site "Mondariz ESP"]
[Date "2012.10.15"]
[Round "6.8"]
[White "Bello Filgueira, Joaquin Anton"]
[Black "Oneto Zarco, Jose"]
[Result "0-1"]
[WhiteElo "1920"]
[BlackElo "2013"]
[PlyCount "68"]
[EventDate "2012.10.10"]
[EventType "swiss"]
[EventRounds "9"]
[EventCountry "ESP"]
[Source "lmi"]
[SourceDate "2012.10.10"]

1. e4 c5 2. Nf3 a6 3. a4 Nc6 4. Bc4 Nf6 5. e5 d5 6. exf6 dxc4 7. O-O exf6 8.
Nc3 Be7 9. Qe2 Be6 10. d3 cxd3 11. cxd3 O-O 12. Re1 Nb4 13. Rd1 Bb3 14. Rd2 Bd6
15. Ra3 Re8 16. Ne4 Bd5 17. Qd1 Bc7 18. Ng3 Bf4 19. Re2 Bxc1 20. Rxe8+ Qxe8 21.
Qxc1 Qc6 22. Rc3 Na2 23. Qf4 Nxc3 24. bxc3 Bxf3 25. gxf3 g6 26. h4 Rd8 27. d4
cxd4 28. cxd4 Qd6 29. Qh6 Qxd4 30. h5 Qe5 31. f4 Rd1+ 32. Kh2 Qe1 33. hxg6 Qg1+
34. Kh3 Qh1+ 0-1

[Event "España ch 2012 Veteranos"]
[Site "Mondariz ESP"]
[Date "2012.10.15"]
[Round "6.9"]
[White "Diaz Franco, Francisco Jorge"]
[Black "Sarto Ramos, Angel"]
[Result "1-0"]
[WhiteElo "1987"]
[BlackElo "2000"]
[PlyCount "89"]
[EventDate "2012.10.10"]
[EventType "swiss"]
[EventRounds "9"]
[EventCountry "ESP"]
[Source "lmi"]
[SourceDate "2012.10.10"]

1. d4 g6 2. c4 c5 3. Nf3 cxd4 4. Nxd4 Nc6 5. e3 Bg7 6. Be2 Nf6 7. O-O O-O 8.
Nc3 Nxd4 9. exd4 d5 10. c5 Bd7 11. Bf3 Bc6 12. b4 Ne4 13. Bb2 Nxc3 14. Bxc3 b6
15. a4 bxc5 16. bxc5 Qd7 17. a5 Bb5 18. Re1 e6 19. Rb1 Rab8 20. Qd2 a6 21. Qf4
Rb7 22. h4 h5 23. g3 Rfb8 24. Bg2 Qd8 25. Bh3 Qf6 26. Qe3 Bf8 27. Rb2 Be7 28.
Reb1 Bd8 29. Bf1 Qf5 30. Bxb5 axb5 31. a6 Ra7 32. Rxb5 Rc8 33. Rb8 Kg7 34. Bd2
g5 35. hxg5 Rxa6 36. Qf4 Rxb8 37. Rxb8 Ra1+ 38. Kg2 Bc7 39. Qxf5 exf5 40. Rb7
Rd1 41. Be3 Ba5 42. c6 Bd2 43. Bxd2 Rxd2 44. Rb5 Rxd4 45. Rc5 1-0

[Event "España ch 2012 Veteranos"]
[Site "Mondariz ESP"]
[Date "2012.10.15"]
[Round "6.10"]
[White "Lorenzo Duran, Marcos"]
[Black "Gutierrez Leon, Cristobal"]
[Result "1-0"]
[WhiteElo "2112"]
[BlackElo "1947"]
[PlyCount "31"]
[EventDate "2012.10.10"]
[EventType "swiss"]
[EventRounds "9"]
[EventCountry "ESP"]
[Source "lmi"]
[SourceDate "2012.10.10"]

1. e4 e6 2. d4 d5 3. e5 c5 4. c3 Nc6 5. Nf3 Qb6 6. a3 Bd7 7. b4 cxd4 8. cxd4
Rc8 9. Bb2 Nh6 10. Nc3 Na5 11. Na4 Bxa4 12. Qxa4+ Nc6 13. Rc1 Kd8 14. Bd3 Be7
15. O-O g5 16. b5 1-0

[Event "España ch 2012 Veteranos"]
[Site "Mondariz ESP"]
[Date "2012.10.15"]
[Round "6.11"]
[White "Garcia Sanchez, Jose Manuel"]
[Black "Sanz Bastos, Fernando"]
[Result "1-0"]
[WhiteElo "1874"]
[BlackElo "2022"]
[PlyCount "57"]
[EventDate "2012.10.10"]
[EventType "swiss"]
[EventRounds "9"]
[EventCountry "ESP"]
[Source "lmi"]
[SourceDate "2012.10.10"]

1. e4 c6 2. d4 g6 3. f4 Bg7 4. Nf3 d6 5. Bd3 Qb6 6. c3 Nd7 7. Nbd2 c5 8. Nc4
Qc7 9. Ne3 Nb6 10. O-O h5 11. Bd2 Nh6 12. Bb5+ Bd7 13. Bxd7+ Qxd7 14. Qe2 Qc6
15. d5 Qc7 16. Rae1 O-O-O 17. Nc4 Nd7 18. b4 b5 19. Na5 c4 20. Nc6 Rde8 21. a4
a6 22. axb5 axb5 23. Ra1 Nb8 24. Ra7 Nxc6 25. Rxc7+ Kxc7 26. dxc6 Kxc6 27. Nd4+
Kb6 28. Be3 Ng4 29. Ne6+ 1-0

[Event "España ch 2012 Veteranos"]
[Site "Mondariz ESP"]
[Date "2012.10.15"]
[Round "6.12"]
[White "Salgado Gonzalez, Julio"]
[Black "Benito Alba, Eladio"]
[Result "1-0"]
[WhiteElo "1836"]
[BlackElo "1736"]
[PlyCount "27"]
[EventDate "2012.10.10"]
[EventType "swiss"]
[EventRounds "9"]
[EventCountry "ESP"]
[Source "lmi"]
[SourceDate "2012.10.10"]

1. d4 d5 2. Bf4 Nf6 3. e3 e6 4. Bd3 c5 5. c3 Nc6 6. Nd2 Bd6 7. Bg3 O-O 8. f4 c4
9. Bc2 b5 10. Ngf3 b4 11. e4 dxe4 12. Nxe4 Nxe4 13. Bxe4 Bb7 14. Bxh7+ 1-0

[Event "España ch 2012 Veteranos"]
[Site "Mondariz ESP"]
[Date "2012.10.15"]
[Round "6.13"]
[White "Iglesias Vidal, Jose Luis"]
[Black "Fernandez Garcia, Ignacio"]
[Result "0-1"]
[WhiteElo "1685"]
[BlackElo "1793"]
[PlyCount "116"]
[EventDate "2012.10.10"]
[EventType "swiss"]
[EventRounds "9"]
[EventCountry "ESP"]
[Source "lmi"]
[SourceDate "2012.10.10"]

1. Nf3 Nf6 2. d4 d6 3. c4 g6 4. Nc3 Bg7 5. e3 c6 6. Bd3 O-O 7. O-O Na6 8. a3
Nc7 9. Re1 Bg4 10. h3 Bd7 11. Qc2 Rc8 12. Qe2 d5 13. cxd5 cxd5 14. e4 dxe4 15.
Nxe4 Bc6 16. Bg5 Re8 17. Bxf6 exf6 18. Qd1 Ne6 19. Bc2 f5 20. Nc3 Bxf3 21. Qxf3
Nxd4 22. Qd3 Qc7 23. Ba4 Red8 24. Qe3 a6 25. Qe7 Qb6 26. Qb4 Qc7 27. Re7 Qf4
28. Rxb7 Be5 29. g3 Qg5 30. Qe7 Qxe7 31. Rxe7 Bf6 32. Rb7 Rb8 33. Rxb8 Rxb8 34.
Nd5 Bg7 35. Nb4 f4 36. Kg2 fxg3 37. fxg3 Nf5 38. Rb1 Ne3+ 39. Kf3 Nc4 40. Nxa6
Ra8 41. Rc1 Ne5+ 42. Ke4 Rxa6 43. Rc8+ Bf8 44. Bb5 Re6 45. Kd5 Nf3 46. a4 Kg7
47. Rc3 Re5+ 48. Kc4 Ng5 49. Bd7 f5 50. h4 Ne4 51. Rd3 Rc5+ 52. Kd4 Rc7 53. Ke5
Nxg3 54. Rxg3 Rxd7 55. Rc3 Kf7 56. Rc4 Bg7+ 57. Kf4 Bxb2 58. a5 Rd4+ 0-1

[Event "España ch 2012 Veteranos"]
[Site "Mondariz ESP"]
[Date "2012.10.15"]
[Round "6.14"]
[White "Vidal Torres, Roberto"]
[Black "Sio Areal, Manuel"]
[Result "1-0"]
[WhiteElo "1705"]
[BlackElo "1415"]
[PlyCount "67"]
[EventDate "2012.10.10"]
[EventType "swiss"]
[EventRounds "9"]
[EventCountry "ESP"]
[Source "lmi"]
[SourceDate "2012.10.10"]

1. d4 d5 2. Nf3 Nf6 3. c4 c6 4. Nc3 dxc4 5. e4 Bg4 6. Be3 e6 7. Bxc4 b5 8. Bd3
Nbd7 9. a3 a6 10. O-O Be7 11. h3 Bh5 12. Rc1 O-O 13. e5 Ne8 14. Ne4 f5 15. exf6
Ndxf6 16. Rxc6 Nd6 17. g4 Bg6 18. Nxf6+ Rxf6 19. Bxg6 Rxg6 20. Ne5 Rf6 21. Qb3
Qf8 22. Nd7 Qf7 23. Nxf6+ Qxf6 24. d5 e5 25. Bc5 h5 26. Qg3 Qf7 27. Rxd6 Bxd6
28. Bxd6 Qxd5 29. Qg2 e4 30. Bb4 hxg4 31. Qxg4 Re8 32. Bc3 Re7 33. Rd1 Qf7 34.
Rd8+ 1-0

[Event "España ch 2012 Veteranos"]
[Site "Mondariz ESP"]
[Date "2012.10.16"]
[Round "7.1"]
[White "Pastor Alonso De Prado, Albert"]
[Black "Franco Ocampos, Zenon"]
[Result "0-1"]
[WhiteElo "2139"]
[BlackElo "2502"]
[PlyCount "74"]
[EventDate "2012.10.10"]
[EventType "swiss"]
[EventRounds "9"]
[EventCountry "ESP"]
[Source "lmi"]
[SourceDate "2012.10.10"]

1. e4 c5 2. c3 d6 3. d4 Nf6 4. dxc5 Nc6 5. Nd2 dxc5 6. Ngf3 Qc7 7. Bc4 e6 8.
O-O Be7 9. Re1 O-O 10. e5 Nd7 11. Qe2 b6 12. Bd3 Bb7 13. Nc4 b5 14. Na3 a6 15.
c4 Nb4 16. Be4 Rab8 17. Bg5 Rfe8 18. Bxe7 Rxe7 19. cxb5 Bxe4 20. Qxe4 axb5 21.
Ng5 Nf8 22. Nc2 Nxc2 23. Qxc2 Rd7 24. Ne4 Rd5 25. f4 Ng6 26. g3 Ne7 27. Rac1
Nf5 28. Qf2 c4 29. b3 Nd4 30. Red1 Rbd8 31. Nc3 R5d7 32. Ne4 Qb6 33. Kf1 Qc6
34. Qg2 Qb6 35. bxc4 Nf5 36. c5 Rxd1+ 37. Ke2 Rxc1 0-1

[Event "España ch 2012 Veteranos"]
[Site "Mondariz ESP"]
[Date "2012.10.16"]
[Round "7.2"]
[White "Serra Olives, Tomas"]
[Black "Montecatine Rios, Ricardo"]
[Result "1-0"]
[WhiteElo "2132"]
[BlackElo "2316"]
[PlyCount "121"]
[EventDate "2012.10.10"]
[EventType "swiss"]
[EventRounds "9"]
[EventCountry "ESP"]
[Source "lmi"]
[SourceDate "2012.10.10"]

1. e4 d6 2. d4 Nf6 3. Nc3 e5 4. Nf3 Nbd7 5. Bc4 Be7 6. O-O O-O 7. Re1 c6 8. a4
a5 9. b3 h6 10. Bb2 Re8 11. h3 Bf8 12. Qd2 b6 13. Rad1 Bb7 14. dxe5 Nxe5 15.
Be2 Qc7 16. Nd4 Rad8 17. f4 Ned7 18. Bf3 Nc5 19. Nf5 Bc8 20. g4 Nh7 21. Ng3 Ne6
22. Nce2 f6 23. Nh5 Nc5 24. Neg3 Qf7 25. Qc3 Be7 26. f5 Ng5 27. Bg2 Bb7 28. Nf4
Nd7 29. h4 Nh7 30. Ne6 Rc8 31. Nh5 Nhf8 32. Nhxg7 Ne5 33. Qg3 Nxe6 34. Nxe6 Kh8
35. Bxe5 fxe5 36. g5 Rg8 37. g6 Qf6 38. h5 Rce8 39. g7+ Rxg7 40. Nxg7 Qxg7 41.
Qxg7+ Kxg7 42. Re3 Rd8 43. c4 Kf7 44. Red3 c5 45. Kf1 Bc6 46. Rg3 Bg5 47. Ke2
Ke7 48. Bf3 Be8 49. Rxg5 hxg5 50. h6 Bf7 51. Rh1 Rh8 52. Kf2 Kf6 53. Kg3 Bg8
54. Rh2 Bh7 55. Bh5 Rg8 56. Kg4 Rh8 57. Rd2 Rd8 58. Rd3 Rd7 59. Be8 Rd8 60. Bc6
Ke7 61. Rh3 1-0

[Event "España ch 2012 Veteranos"]
[Site "Mondariz ESP"]
[Date "2012.10.16"]
[Round "7.3"]
[White "Lopez Colon, Francisco"]
[Black "Simon Padros, Emili"]
[Result "1/2-1/2"]
[WhiteElo "2093"]
[BlackElo "2202"]
[PlyCount "91"]
[EventDate "2012.10.10"]
[EventType "swiss"]
[EventRounds "9"]
[EventCountry "ESP"]
[Source "lmi"]
[SourceDate "2012.10.10"]

1. d4 Nf6 2. c4 e5 3. dxe5 Ng4 4. e4 Nxe5 5. f4 Nec6 6. a3 Bc5 7. b4 Bxg1 8.
Rxg1 Qh4+ 9. g3 Qxh2 10. Rg2 Qh1 11. Nc3 Ne7 12. f5 d6 13. Be3 g5 14. Bxg5 Rg8
15. Bxe7 Kxe7 16. Qd2 a5 17. b5 Nd7 18. O-O-O Nc5 19. Kc2 Qh3 20. Rg1 Qg4 21.
Bd3 Qg5 22. Qh2 c6 23. Qxh7 Bd7 24. Qh4 Rae8 25. Rdf1 Kf6 26. Rf4 Rh8 27. Qxg5+
Kxg5 28. Rg2 Rh1 29. Be2 Reh8 30. Rf1 R8h2 31. Rff2 Rxg2 32. Rxg2 f6 33. Bd1
Rh3 34. Kd2 Be8 35. Ke3 Bf7 36. Kd4 Nd7 37. Be2 Rh1 38. bxc6 bxc6 39. a4 c5+
40. Ke3 Ne5 41. Nb5 Bxc4 42. Nxd6 Bxe2 43. Rxe2 Ra1 44. Rc2 Rxa4 45. Rxc5 Ra3+
46. Ke2 1/2-1/2

[Event "España ch 2012 Veteranos"]
[Site "Mondariz ESP"]
[Date "2012.10.16"]
[Round "7.4"]
[White "Coll Pons, Guillem"]
[Black "Casares Ripoll, Fernando"]
[Result "1/2-1/2"]
[WhiteElo "2040"]
[BlackElo "2149"]
[PlyCount "66"]
[EventDate "2012.10.10"]
[EventType "swiss"]
[EventRounds "9"]
[EventCountry "ESP"]
[Source "lmi"]
[SourceDate "2012.10.10"]

1. d4 d5 2. c4 c5 3. cxd5 Nf6 4. Nf3 cxd4 5. Qxd4 Qxd5 6. Nc3 Qxd4 7. Nxd4 a6
8. g3 e5 9. Nc2 Bd7 10. Bg2 Bc6 11. O-O Bxg2 12. Kxg2 Nc6 13. Bg5 O-O-O 14.
Rfd1 Be7 15. Bxf6 Bxf6 16. Nd5 Be7 17. Nxe7+ Nxe7 18. e4 Nc6 19. Ne3 Nd4 20.
Rac1+ Kb8 21. Rc5 f6 22. Nd5 Rc8 23. Rxc8+ Rxc8 24. Rd2 b5 25. f4 Rc2 26. Rxc2
Nxc2 27. Kf2 Kb7 28. Ke2 Kc6 29. b4 Kd6 30. Kd3 Nd4 31. Ne3 Ke6 32. f5+ Kd6 33.
h4 h6 1/2-1/2

[Event "España ch 2012 Veteranos"]
[Site "Mondariz ESP"]
[Date "2012.10.16"]
[Round "7.5"]
[White "Estrada Martinez, Cesar"]
[Black "Buxade Roca, Guillermo"]
[Result "1/2-1/2"]
[WhiteElo "2090"]
[BlackElo "2128"]
[PlyCount "62"]
[EventDate "2012.10.10"]
[EventType "swiss"]
[EventRounds "9"]
[EventCountry "ESP"]
[Source "lmi"]
[SourceDate "2012.10.10"]

1. d4 Nf6 2. Nf3 d5 3. c4 c6 4. cxd5 cxd5 5. Nc3 Nc6 6. g3 e6 7. Bf4 Bd7 8. Ne5
Nxe5 9. Bxe5 Rc8 10. Bg2 Bb4 11. Rc1 O-O 12. O-O Qe7 13. Qd3 a6 14. Bf3 Rfd8
15. Rc2 h6 16. Rfc1 b5 17. a3 Bd6 18. Bxd6 Qxd6 19. Na2 Rxc2 20. Rxc2 Rc8 21.
Rxc8+ Bxc8 22. Qc3 Bb7 23. Nb4 Nd7 24. Nd3 Qc6 25. Nc5 Bc8 26. e4 Nb6 27. b3
dxe4 28. Bxe4 Nd5 29. Qf3 Qd6 30. Bxd5 Qxd5 31. Qxd5 exd5 1/2-1/2

[Event "España ch 2012 Veteranos"]
[Site "Mondariz ESP"]
[Date "2012.10.16"]
[Round "7.6"]
[White "Hostalet Ferrer, Pedro Enrique"]
[Black "Diaz Franco, Francisco Jorge"]
[Result "0-1"]
[WhiteElo "2031"]
[BlackElo "1987"]
[PlyCount "98"]
[EventDate "2012.10.10"]
[EventType "swiss"]
[EventRounds "9"]
[EventCountry "ESP"]
[Source "lmi"]
[SourceDate "2012.10.10"]

1. d4 Nf6 2. c4 e6 3. Nc3 Bb4 4. a3 Bxc3+ 5. bxc3 c5 6. f3 Qa5 7. Bd2 d6 8. e4
e5 9. d5 Nbd7 10. Bd3 Nf8 11. Ne2 Ng6 12. O-O O-O 13. f4 exf4 14. Bxf4 Qc7 15.
Bg5 Nd7 16. Nf4 Nde5 17. Nxg6 Nxg6 18. Be3 Qe7 19. Bf2 Ne5 20. Bg3 Bg4 21. Qd2
Rae8 22. h3 Bc8 23. Bxe5 Qxe5 24. Rac1 Bxh3 25. gxh3 Qg3+ 26. Kh1 Qxh3+ 27. Kg1
Qg3+ 28. Kh1 Re5 29. Rf5 Rxf5 30. exf5 Re8 31. Bf1 Re4 32. Bg2 Rh4+ 33. Kg1
Qh2+ 34. Kf2 Rf4+ 35. Ke2 Qxg2+ 36. Kd1 Rf1+ 37. Kc2 Rf2 38. Rd1 Rxd2+ 39. Rxd2
Qe4+ 40. Kb3 Qxf5 41. Re2 h5 42. Re8+ Kh7 43. Re7 h4 44. Kb2 h3 45. Rxb7 h2 46.
Rxa7 h1=Q 47. Kb3 Qc8 48. Rxf7 Qb1+ 49. Ka4 Qa6# 0-1

[Event "España ch 2012 Veteranos"]
[Site "Mondariz ESP"]
[Date "2012.10.16"]
[Round "7.7"]
[White "Oneto Zarco, Jose"]
[Black "Vinal Gutierrez, Pedro"]
[Result "1-0"]
[WhiteElo "2013"]
[BlackElo "2009"]
[PlyCount "139"]
[EventDate "2012.10.10"]
[EventType "swiss"]
[EventRounds "9"]
[EventCountry "ESP"]
[Source "lmi"]
[SourceDate "2012.10.10"]

1. e4 e6 2. d4 d5 3. Nc3 Bb4 4. e5 Qd7 5. a3 Bxc3+ 6. bxc3 b6 7. Nf3 Ne7 8. Bd3
Nbc6 9. O-O Bb7 10. Qe2 O-O-O 11. Ba6 h6 12. Bxb7+ Kxb7 13. Be3 Na5 14. Nd2 Qc6
15. Qd3 Nc4 16. Rfb1 a5 17. a4 Nxd2 18. Qxd2 Qc4 19. Qd3 g5 20. Rb5 Rdg8 21.
Bd2 g4 22. Rbb1 h5 23. Rf1 Nf5 24. Qxc4 dxc4 25. Bf4 h4 26. g3 Rh7 27. Kg2 Kc6
28. Rab1 Rgh8 29. Rh1 hxg3 30. fxg3 Ne7 31. Bd2 Nd5 32. Rb5 Kd7 33. Rbb1 c6 34.
Ra1 Kc7 35. Rab1 Rh5 36. Rbc1 R8h7 37. Rb1 Kb7 38. Rbc1 b5 39. Rb1 Ka6 40. Ra1
b4 41. cxb4 axb4 42. a5 c3 43. Bf4 Rh8 44. Ra2 Nc7 45. Be3 Kb5 46. Raa1 Na6 47.
Raf1 R8h7 48. Ra1 c5 49. dxc5 Rxe5 50. Kf2 Rf5+ 51. Kg2 Rfh5 52. Bf2 Rh8 53.
Be3 Nxc5 54. Bxc5 Kxc5 55. a6 Kc4 56. a7 Ra8 57. Rhf1 Rd5 58. Rxf7 Rd2+ 59. Rf2
Rxc2 60. Rxc2 b3 61. Ra4+ Kd3 62. Rf2 b2 63. Rb4 c2 64. Rb3+ Kc4 65. Rxb2 c1=Q
66. Rbc2+ Qxc2 67. Rxc2+ Kd4 68. Ra2 e5 69. Kf2 Ke4 70. Ke2 1-0

[Event "España ch 2012 Veteranos"]
[Site "Mondariz ESP"]
[Date "2012.10.16"]
[Round "7.8"]
[White "Lorenzo Duran, Marcos"]
[Black "Garcia Sanchez, Jose Manuel"]
[Result "1-0"]
[WhiteElo "2112"]
[BlackElo "1874"]
[PlyCount "73"]
[EventDate "2012.10.10"]
[EventType "swiss"]
[EventRounds "9"]
[EventCountry "ESP"]
[Source "lmi"]
[SourceDate "2012.10.10"]

1. d4 Nf6 2. Nf3 g6 3. Bg5 Bg7 4. Nbd2 O-O 5. e4 d6 6. Bc4 Nbd7 7. e5 dxe5 8.
dxe5 Ne8 9. e6 fxe6 10. Bxe6+ Kh8 11. Nc4 Nef6 12. O-O Nc5 13. Bxc8 Rxc8 14.
Re1 Qxd1 15. Raxd1 Rcd8 16. Rxd8 Rxd8 17. Kf1 Bf8 18. Be3 Rd5 19. Nce5 Ncd7 20.
Nxd7 Nxd7 21. Bd4+ Nf6 22. c4 Ra5 23. a3 b6 24. Ne5 c5 25. Bc3 Ra4 26. Rd1 Kg8
27. Rd8 b5 28. cxb5 Rf4 29. Bd2 Rd4 30. Rxd4 cxd4 31. Nc6 Ne4 32. Ke2 d3+ 33.
Kxd3 Nxf2+ 34. Ke2 Ne4 35. Nxa7 e5 36. Nc6 Nd6 37. b6 1-0

[Event "España ch 2012 Veteranos"]
[Site "Mondariz ESP"]
[Date "2012.10.16"]
[Round "7.10"]
[White "Bello Filgueira, Joaquin Anton"]
[Black "Salgado Gonzalez, Julio"]
[Result "0-1"]
[WhiteElo "1920"]
[BlackElo "1836"]
[PlyCount "106"]
[EventDate "2012.10.10"]
[EventType "swiss"]
[EventRounds "9"]
[EventCountry "ESP"]
[Source "lmi"]
[SourceDate "2012.10.10"]

1. e4 Nc6 2. Nc3 e5 3. Nf3 d6 4. d4 exd4 5. Nxd4 Be7 6. Bb5 Bd7 7. Nxc6 bxc6 8.
Bc4 Nf6 9. O-O O-O 10. Bd3 Re8 11. Ne2 Bf8 12. Ng3 g6 13. Bg5 Bg7 14. c3 Rb8
15. Qc2 c5 16. Rae1 Bb5 17. c4 Bc6 18. b3 Qc8 19. Bxf6 Bxf6 20. h3 a5 21. Qd2
a4 22. Bc2 axb3 23. axb3 Ra8 24. Qf4 Bg7 25. Re2 Qe6 26. Qg4 Qxg4 27. hxg4 Ra2
28. Rb1 Bd7 29. g5 Be5 30. Bd3 Rea8 31. Rxa2 Rxa2 32. Nf1 Bf4 33. Ne3 Bxg5 34.
Nd5 Bd8 35. b4 c6 36. bxc5 Kg7 37. Nb6 Be6 38. cxd6 Rd2 39. Bf1 Rxd6 40. g3 Rd2
41. Kg2 Bf6 42. Kf3 Bd4 43. Be2 h5 44. e5 Bg4+ 45. Ke4 Bxe2 46. f4 Bd3+ 47.
Kxd4 Bxb1+ 48. Kc5 Be4 49. Nc8 Rg2 50. Na7 Rxg3 51. Nxc6 Bxc6 52. Kxc6 Rc3 53.
c5 h4 0-1

[Event "España ch 2012 Veteranos"]
[Site "Mondariz ESP"]
[Date "2012.10.16"]
[Round "7.11"]
[White "Fernandez Garcia, Ignacio"]
[Black "Sanz Bastos, Fernando"]
[Result "1-0"]
[WhiteElo "1793"]
[BlackElo "2022"]
[PlyCount "83"]
[EventDate "2012.10.10"]
[EventType "swiss"]
[EventRounds "9"]
[EventCountry "ESP"]
[Source "lmi"]
[SourceDate "2012.10.10"]

1. e4 e5 2. Nf3 Nc6 3. Bc4 Nf6 4. Nc3 Nxe4 5. O-O Nxc3 6. dxc3 Be7 7. Qd5 O-O
8. Nxe5 Nxe5 9. Qxe5 Bf6 10. Qh5 d6 11. Bd3 g6 12. Qf3 Bg7 13. Re1 d5 14. Qg3
Be6 15. h4 h5 16. Bxg6 Qf6 17. Bd3 Bf5 18. Bg5 Qg6 19. Re3 Kh7 20. Qxc7 Bxd3
21. Rxd3 f6 22. Be3 Rf7 23. Qf4 Re8 24. Qf3 Re4 25. Rxd5 Rxh4 26. g3 Rg4 27.
Kg2 f5 28. Bf4 Re7 29. Rd6 Bf6 30. Be3 Rf7 31. Rad1 h4 32. Bf4 Qh5 33. Rd7 Kg7
34. Qxb7 Kg8 35. Qd5 h3+ 36. Kh2 Rgg7 37. Rxa7 Kh7 38. Rxf7 Rxf7 39. Rd3 Re7
40. g4 Qxg4 41. Rxh3+ Bh4 42. Bg3 1-0

[Event "España ch 2012 Veteranos"]
[Site "Mondariz ESP"]
[Date "2012.10.16"]
[Round "7.12"]
[White "Sarto Ramos, Angel"]
[Black "Vidal Torres, Roberto"]
[Result "0-1"]
[WhiteElo "2000"]
[BlackElo "1705"]
[PlyCount "103"]
[EventDate "2012.10.10"]
[EventType "swiss"]
[EventRounds "9"]
[EventCountry "ESP"]
[Source "lmi"]
[SourceDate "2012.10.10"]

1. d4 d5 2. Nf3 Nf6 3. Nbd2 Nbd7 4. e3 e6 5. Bd3 Bd6 6. c4 b6 7. e4 dxe4 8.
Nxe4 Be7 9. O-O Bb7 10. Ng3 O-O 11. Qe2 Re8 12. Bf4 c5 13. dxc5 Bxc5 14. Rad1
Qc8 15. Be3 e5 16. Bc2 Qc6 17. Bxc5 Nxc5 18. b4 Ncd7 19. Nf5 Re6 20. b5 Qc7 21.
Ng5 Ree8 22. Nd6 Re7 23. Nxb7 Qxb7 24. Ne4 Qc7 25. Rd2 Rc8 26. Nd6 Rd8 27. Nf5
Re6 28. Rfd1 g6 29. Ne3 Ree8 30. Nd5 Nxd5 31. Rxd5 Kg7 32. h4 f6 33. h5 Nc5 34.
hxg6 hxg6 35. Qg4 e4 36. a4 Rxd5 37. Rxd5 Re5 38. Qg3 Re7 39. Qxc7 Rxc7 40. Kf1
f5 41. g3 Kf6 42. Ke2 Ne6 43. Bb3 Nc5 44. Bc2 Ke7 45. Ke3 Ne6 46. Bb3 Nc5 47.
Bd1 Nd3 48. Rd4 g5 49. f3 Nc5 50. Rd5 Ke6 51. fxe4 Nxe4 52. g4 0-1

[Event "España ch 2012 Veteranos"]
[Site "Mondariz ESP"]
[Date "2012.10.16"]
[Round "7.13"]
[White "Benito Alba, Eladio"]
[Black "Gutierrez Leon, Cristobal"]
[Result "0-1"]
[WhiteElo "1736"]
[BlackElo "1947"]
[PlyCount "38"]
[EventDate "2012.10.10"]
[EventType "swiss"]
[EventRounds "9"]
[EventCountry "ESP"]
[Source "lmi"]
[SourceDate "2012.10.10"]

1. d4 d5 2. c4 c6 3. e3 Nf6 4. Nf3 e6 5. Nc3 Bb4 6. Bd3 Nbd7 7. O-O O-O 8. Qc2
h6 9. Bd2 Bxc3 10. Bxc3 dxc4 11. Bxc4 Qc7 12. Rfd1 b5 13. Be2 a5 14. a3 Bb7 15.
b4 axb4 16. Bxb4 Rfc8 17. Rac1 Nd5 18. Bxb5 cxb5 19. Qb2 Qb6 0-1